000 00839nam a2200253Ia 4500
003 OSt
005 20220923212821.0
006 a|||||r|||| 00| 0
007 ta
008 220922b |||||||| |||| 00| 0 hin d
024 _a156,082
037 _cTextual
040 _aARTS
_cARTS
_bhin
041 _2hin
_ahin
082 _aO1517:g, 152L6
100 _aअर्याणी, सम्पति
245 0 _aमगही - भाषा और साहित्य
246 _aMagahī - bhāṣhā aur sāhitya
260 _aपटना
_b राष्ट्रभाषा परिषद्
_c1976
300 _a572पृ.
_ccm.
650 _aहिन्दी साहित्य
_9156264
942 _hO1517:g, 152L6
_cTEXL
_2CC
999 _c311412
_d311412